<?xml version="1.0" encoding="UTF-8"?>
<record
    xmlns:xsi="http://www.w3.org/2001/XMLSchema-instance"
    xsi:schemaLocation="http://www.loc.gov/MARC21/slim http://www.loc.gov/standards/marcxml/schema/MARC21slim.xsd"
    xmlns="http://www.loc.gov/MARC21/slim">

  <leader>04494nab a2200325 i 4500</leader>
  <controlfield tag="003">BR-BrBNA</controlfield>
  <controlfield tag="005">20250910151313.0</controlfield>
  <controlfield tag="008">250910b2021    bl.mr|pooa||| 00| 0 eng |</controlfield>
  <datafield tag="040" ind1=" " ind2=" ">
    <subfield code="a">BR-BrBNA</subfield>
    <subfield code="b">eng</subfield>
  </datafield>
  <datafield tag="072" ind1=" " ind2=" ">
    <subfield code="a">H60</subfield>
    <subfield code="b">0150</subfield>
  </datafield>
  <datafield tag="100" ind1=" " ind2=" ">
    <subfield code="a">Spatt, Leandro L. </subfield>
  </datafield>
  <datafield tag="100" ind1=" " ind2=" ">
    <subfield code="a">Lopes, Sidinei J. </subfield>
  </datafield>
  <datafield tag="100" ind1=" " ind2=" ">
    <subfield code="a">Dornelles, Sylvio H. B. </subfield>
  </datafield>
  <datafield tag="100" ind1=" " ind2=" ">
    <subfield code="a">Tabaldi, Luciane A. </subfield>
  </datafield>
  <datafield tag="100" ind1=" " ind2=" ">
    <subfield code="a">Trivisiol, Vinicius S. </subfield>
  </datafield>
  <datafield tag="100" ind1=" " ind2=" ">
    <subfield code="a">Peripolli, Mariane </subfield>
  </datafield>
  <datafield tag="245" ind1=" " ind2=" ">
    <subfield code="a">Interaction between nitrogen, soil water condition and herbicides in Urochloa plantaginea control in irrigated rice crop</subfield>
  </datafield>
  <datafield tag="500" ind1=" " ind2=" ">
    <subfield code="a">Publica&#xE7;&#xE3;o on-line; 20 ref.; 3 illus; 6 tables; Sumaries (En, Pt) </subfield>
  </datafield>
  <datafield tag="520" ind1=" " ind2=" ">
    <subfield code="a">
ABSTRACT: The present study sought to verify the existence of interactions between the soil water conditions, nitrogen and herbicides commonly used to control alexandergrass in irrigated rice crop. The experimental design was completely randomized, arranged in a 2 x 3 x 4 factorial scheme, corresponding to two soil water conditions (5 cm water depth and 100% soil water holding capacity [WHC]), three nitrogen doses (0, 80 and 160 kg of N ha-1) and four doses of herbicides (0, 0.5, 1 and 2 times the registration dose). The herbicides evaluated were cyhalofopbutyl, imazapyr + imazapic and imazethapyr. The treatments were repeated four times. Phytotoxicity and dry mass were evaluated 28 days after application. For cyhalofop-butyl and imazapyr + imazapic, the phytotoxicity at 100% WHC and 5 cm water depth conditions was higher in treatments with nitrogen fertilization. However, for imazethapyr under the 100% WHC condition of soil increased phytotoxicity in the absence of nitrogen fertilization. For the flooded condition, from the dose of 35 g of a.i. ha-1, the result in the control for the herbicide imazethapyr was optimized under the conditions of fertilization with 80 and 160 kg of N ha-1. Cyhalofop-butyl and imazapyr + imazapic undergo synergistic interaction with nitrogen fertilization and water status in the control efficiency, yet with imazethapyr, the synergistic interaction only occurs under 100% of soil WHC. 

Key words: soil flooding, chemical management, rice</subfield>
  </datafield>
  <datafield tag="520" ind1=" " ind2=" ">
    <subfield code="a">
RESUMO: Buscou-se constatar a exist&#xEA;ncia de intera&#xE7;&#xF5;es entre condi&#xE7;&#xF5;es h&#xED;dricas do solo, nitrog&#xEA;nio e herbicidas comumente utilizados para controle de papu&#xE3; no cultivo do arroz irrigado. O delineamento experimental utilizado foi inteiramente casualizado, arranjado em um esquema fatorial 2 x 3 x 4, sendo duas condi&#xE7;&#xF5;es h&#xED;dricas do solo (l&#xE2;mina d&#x2019;&#xE1;gua de 5 cm e 100% de capacidade de reten&#xE7;&#xE3;o de &#xE1;gua do solo), tr&#xEA;s doses de nitrog&#xEA;nio (0, 80 e 160 kg de N ha-1) e doses de herbicidas (0, 0,5, 1 e 2 vezes a dose de registro). Os herbicidas avaliados foram cyhalofop-butyl, imazapyr + imazapic e imazethapyr. Os tratamentos foram repetidos quatro vezes. Avaliou-se a fitotoxicidade e a massa seca aos 28 dias ap&#xF3;s a aplica&#xE7;&#xE3;o. Para cyhalofop-butyl e imazapyr + imazapic, a fitotoxicidade nas condi&#xE7;&#xF5;es de 100% da capacidade de reten&#xE7;&#xE3;o de &#xE1;gua do solo e l&#xE2;mina d&#x2019;&#xE1;gua foi superior nos tratamentos com aduba&#xE7;&#xE3;o nitrogenada. Entretanto, para imazethapyr na condi&#xE7;&#xE3;o de 100% da capacidade de reten&#xE7;&#xE3;o de &#xE1;gua do solo houve aumento de 45% da fitotoxicidade na aus&#xEA;ncia de aduba&#xE7;&#xE3;o nitrogenada em compara&#xE7;&#xE3;o &#xE0; condi&#xE7;&#xE3;o com aduba&#xE7;&#xE3;o. Para a condi&#xE7;&#xE3;o de alagamento, a partir da dose de 35 g de i.a. ha-1, o resultado no controle para o herbicida imazethapyr foi otimizado nas condi&#xE7;&#xF5;es de aduba&#xE7;&#xE3;o com 80 e 160 kg de N ha-1. Cyhalofop-butyl e imazapyr + imazapic sofrem intera&#xE7;&#xE3;o sin&#xE9;rgica com a aduba&#xE7;&#xE3;o nitrogenada e a condi&#xE7;&#xE3;o h&#xED;drica na efici&#xEA;ncia do controle, j&#xE1; com imazethapyr, a intera&#xE7;&#xE3;o sin&#xE9;rgica s&#xF3; ocorre em 100% da capacidade de reten&#xE7;&#xE3;o de &#xE1;gua do solo. 

Palavras-chave: alagamento do solo, manejo qu&#xED;mico, arroz</subfield>
  </datafield>
  <datafield tag="650" ind1=" " ind2=" ">
    <subfield code="a">ARROZ IRRIGADO</subfield>
  </datafield>
  <datafield tag="650" ind1=" " ind2=" ">
    <subfield code="a">ERVA DANINHA</subfield>
  </datafield>
  <datafield tag="650" ind1=" " ind2=" ">
    <subfield code="a">PAPU&#xC3;</subfield>
  </datafield>
  <datafield tag="650" ind1=" " ind2=" ">
    <subfield code="a">HERBICIDA</subfield>
  </datafield>
  <datafield tag="650" ind1=" " ind2=" ">
    <subfield code="a">CONTROLE QU&#xCD;MICO</subfield>
  </datafield>
  <datafield tag="773" ind1="0" ind2=" ">
    <subfield code="0">3534</subfield>
    <subfield code="9">317806</subfield>
    <subfield code="d">Campina Grande-PB Universidade Federal de Campina Grande. Centro de Ci&#xEA;ncias e Tecnologia 1997</subfield>
    <subfield code="o">2024-4525</subfield>
    <subfield code="t">Revista Brasileira de Engenharia Agr&#xED;cola e Ambiental (Brazil)</subfield>
    <subfield code="x">1415-4366</subfield>
    <subfield code="g">v. 25 (2) p. 101-108; (2021) </subfield>
    <subfield code="w">BR2025003596 </subfield>
  </datafield>
  <datafield tag="856" ind1=" " ind2=" ">
    <subfield code="u">chrome-extension://efaidnbmnnnibpcajpcglclefindmkaj/https://www.scielo.br/j/rbeaa/a/JZMLdFm6JnvbyGtd3tYXNPG/?format=pdf&amp;lang=en</subfield>
  </datafield>
  <datafield tag="942" ind1=" " ind2=" ">
    <subfield code="c">ANA</subfield>
  </datafield>
  <datafield tag="999" ind1=" " ind2=" ">
    <subfield code="c">338102</subfield>
    <subfield code="d">338102</subfield>
  </datafield>
</record>
